[Event "15th Asian-ch"]
[Site "Chengdu CHN"]
[Date "2017.05.20"]
[Round "9"]
[White "Sandipan, Chanda"]
[Black "Atabaev, Saparmyrat"]
[Result "1/2-1/2"]
[WhiteElo "2575"]
[BlackElo "2422"]
[EventDate "2017.05.12"]
[PlyCount "109"]

1.d4 Nf6 2.c4 e6 3.Nc3 Bb4 4.e3 O-O 5.Bd2 d5 6.Nf3 c5 7.a3 Bxc3 8.Bxc3 Ne4
9.Rc1 Nxc3 10.Rxc3 cxd4 11.Qxd4 Nc6 12.Qd2 dxc4 13.Bxc4 Qe7 14.O-O Rd8 15.
Qc2 Bd7 16.Bd3 h6 17.Bh7+ Kh8 18.Be4 Qf6 19.b4 a6 20.Rc1 Rac8 21.h3 g6 22.
Rc4 Kg7 23.Qc3 Qxc3 24.R1xc3 Kf6 25.Nd2 a5 26.b5 Na7 27.b6 Nb5 28.Rxc8 
Rxc8 29.Rxc8 Bxc8 30.Nc4 Ke7 31.Nxa5 Nxa3 32.f4 f5 33.Bf3 Kf6 34.Kf2 e5 
35.Bd5 exf4 36.exf4 Ke7 37.h4 Kd6 38.Bxb7 Bxb7 39.Nxb7+ Kc6 40.Nd8+ Kxb6 
41.Nf7 Kc6 42.Ne5+ Kd5 43.Nxg6 Ke4 44.g3 Nc4 45.Ke2 Ne3 46.Nf8 Nd5 47.Ne6 
Nc3+ 48.Kf2 Nd1+ 49.Kg2 Ne3+ 50.Kh3 h5 51.Ng5+ Kd3 52.Kh2 Ke2 53.Kg1 Ng4 
54.Kg2 Ne3+ 55.Kg1 1/2-1/2

[Event "15th Asian-ch"]
[Site "Chengdu CHN"]
[Date "2017.05.20"]
[Round "9"]
[White "Dai Changren"]
[Black "Tran Tuan Minh"]
[Result "1/2-1/2"]
[WhiteElo "2418"]
[BlackElo "2537"]
[EventDate "2017.05.12"]
[PlyCount "91"]

1.e4 c5 2.Nf3 d6 3.d4 cxd4 4.Nxd4 Nf6 5.Nc3 a6 6.h3 e5 7.Nde2 h5 8.g3 Nbd7
9.a4 b6 10.Bg2 Bb7 11.Bg5 Be7 12.O-O O-O 13.Qd2 Rc8 14.Rfd1 Re8 15.h4 Rc7 
16.b3 Qa8 17.Nd5 Bxd5 18.exd5 Nc5 19.Nc3 Qc8 20.Rac1 Qd7 21.b4 Nxa4 22.
Nxa4 Qxa4 23.Ra1 Qxc2 24.Qxc2 Rxc2 25.Rxa6 Rb8 26.Rda1 Kf8 27.Ra7 e4 28.
Ra8 Rcc8 29.Rxb8 Rxb8 30.Bxf6 Bxf6 31.Re1 Ra8 32.Rxe4 Ra1+ 33.Bf1 Rd1 34.
Re3 Rxd5 35.Rd3 Rb5 36.Rxd6 Rxb4 37.Rd5 Bd4 38.Rb5 Ra4 39.Rxh5 g6 40.Rd5 
Ke7 41.Kg2 Ke6 42.Rd8 Ke7 43.Rd5 Ke6 44.Rd8 Ke5 45.Bb5 Ra2 46.Re8+ 1/2-1/2

[Event "15th Asian-ch"]
[Site "Chengdu CHN"]
[Date "2017.05.20"]
[Round "9"]
[White "Xu Yinglun"]
[Black "Xu Xiangyu"]
[Result "1/2-1/2"]
[WhiteElo "2560"]
[BlackElo "2534"]
[EventDate "2017.05.12"]
[PlyCount "34"]

1.d4 d5 2.c4 c6 3.Nf3 Nf6 4.cxd5 cxd5 5.Nc3 Nc6 6.Bf4 Bf5 7.e3 e6 8.Bd3 
Bxd3 9.Qxd3 Bd6 10.Bxd6 Qxd6 11.O-O O-O 12.Rfc1 Rfc8 13.h3 Nb4 14.Qd1 Nc6 
15.Qd3 Nb4 16.Qd1 Nc6 17.Qd3 Nb4 1/2-1/2

[Event "15th Asian-ch"]
[Site "Chengdu CHN"]
[Date "2017.05.20"]
[Round "9"]
[White "Liu Yan"]
[Black "Lalith Babu, Musunuri Rohit"]
[Result "1/2-1/2"]
[WhiteElo "2413"]
[BlackElo "2529"]
[EventDate "2017.05.12"]
[PlyCount "69"]

1.d4 d5 2.c4 Nc6 3.e3 Nf6 4.Nf3 Bg4 5.Be2 e6 6.O-O dxc4 7.Bxc4 Bd6 8.h3 
Bh5 9.Nc3 O-O 10.Be2 a6 11.b3 Qe7 12.Ne5 Nxe5 13.Bxh5 Nxh5 14.Qxh5 Nd7 15.
Bb2 f5 16.Qe2 Rae8 17.e4 e5 18.exf5 exd4 19.Qc4+ Kh8 20.Qxd4 Rxf5 21.Nd5 
Qf7 22.Ne3 Rg5 23.Rad1 Nc5 24.Nc4 Ne6 25.Nxd6 cxd6 26.Qh4 Rg6 27.Bc1 Qf3 
28.g4 Nf4 29.Bxf4 Qxf4 30.Rd3 Kg8 31.Qg3 Qxg3+ 32.Rxg3 Re2 33.a4 Kf7 34.
Kg2 h5 35.Re3 1/2-1/2

[Event "15th Asian-ch"]
[Site "Chengdu CHN"]
[Date "2017.05.20"]
[Round "9"]
[White "Zhu Yi"]
[Black "Fang Yuxiang"]
[Result "1/2-1/2"]
[WhiteElo "2328"]
[BlackElo "2493"]
[EventDate "2017.05.12"]
[PlyCount "131"]

1.d4 d5 2.c4 c6 3.Nc3 Nf6 4.Nf3 a6 5.e3 Bf5 6.Bd3 Bxd3 7.Qxd3 e6 8.O-O Bb4
9.Bd2 O-O 10.Rac1 Nbd7 11.a3 Bxc3 12.Bxc3 Ne4 13.Bb4 Re8 14.Rfd1 Qb6 15.
Be1 a5 16.b3 Qa6 17.a4 Rec8 18.Rb1 b6 19.h3 h6 20.Kf1 Qb7 21.Kg1 Qa6 22.
Ra1 Qb7 23.Rac1 Qa6 24.Nh2 c5 25.cxd5 Qxd3 26.Rxd3 exd5 27.f3 Ng5 28.dxc5 
Nxc5 29.Rxd5 Nxb3 30.Rb1 Nc5 31.Rxb6 Nxa4 32.Rb3 Rc1 33.Kf2 Rc2+ 34.Kg3 
Nb2 35.Rxa5 Rxa5 36.Bxa5 Nc4 37.Bb4 f5 38.Nf1 Ne6 39.Rc3 Nxe3 40.Nxe3 f4+ 
41.Kg4 Rxc3 42.Bxc3 fxe3 43.Kf5 Kf7 44.Ke4 e2 45.Ke3 h5 46.h4 g5 47.hxg5 
Nxg5 48.Kxe2 Kg6 49.Ke3 Kf5 50.Bb4 Ne6 51.Bd6 Ng5 52.Bc7 Ne6 53.Bg3 Ng5 
54.Kd4 Ne6+ 55.Ke3 Ng5 56.Kf2 Ne6 57.Kg1 Nd4 58.Bf2 Ne2+ 59.Kh2 Kf4 60.Be1
Ke3 61.Bg3 Nd4 62.Bd6 Nxf3+ 63.Kg3 h4+ 64.Kh3 Ne1 65.Kxh4 Nxg2+ 66.Kg3 
1/2-1/2

[Event "15th Asian-ch"]
[Site "Chengdu CHN"]
[Date "2017.05.20"]
[Round "9"]
[White "Li Di"]
[Black "Chen Fan"]
[Result "0-1"]
[WhiteElo "2488"]
[BlackElo "2326"]
[EventDate "2017.05.12"]
[PlyCount "132"]

1.Nf3 d5 2.e3 Nf6 3.c4 c6 4.Nc3 a6 5.b3 Bg4 6.Be2 e6 7.h3 Bh5 8.g4 Bg6 9.
d3 h6 10.Bb2 Nbd7 11.Rg1 Bd6 12.Qd2 Qe7 13.h4 O-O-O 14.g5 hxg5 15.hxg5 Ne8
16.cxd5 exd5 17.Na4 Kb8 18.a3 Bh5 19.Rh1 Qf8 20.b4 Bxf3 21.Bxf3 Rxh1+ 22.
Bxh1 Qe7 23.g6 fxg6 24.Qc2 Nef6 25.O-O-O Rf8 26.Rg1 Rh8 27.Bf3 Rh3 28.Qe2 
a5 29.Rxg6 axb4 30.Bg2 Rh8 31.axb4 Bxb4 32.Qf3 Bd6 33.Qf5 Rh5 34.Rg5 Rxg5 
35.Qxg5 Ba3 36.Qf4+ Ka8 37.Kb1 Bxb2 38.Nxb2 Qe5 39.Qa4+ Kb8 40.Bh3 Qh2 41.
Bxd7 Nxd7 42.Qg4 Kc7 43.f4 Qf2 44.Qe6 d4 45.exd4 Qxf4 46.d5 Qe5 47.Qxe5+ 
Nxe5 48.dxc6 Kxc6 49.Kc2 Kd5 50.Kc3 Nc6 51.Nd1 g6 52.Ne3+ Kc5 53.Nc2 g5 
54.d4+ Kd6 55.Kc4 Ne7 56.Ne3 Nd5 57.Ng4 Nc7 58.Kb4 Kd5 59.Ka5 b5 60.Nf6+ 
Kc4 61.d5 Nxd5 62.Ne4 g4 63.Nd6+ Kc5 64.Nb7+ Kd4 65.Nd6 b4 66.Ka4 Ke5 0-1

[Event "15th Asian-ch"]
[Site "Chengdu CHN"]
[Date "2017.05.20"]
[Round "9"]
[White "Liu Guanchu"]
[Black "Gundavaa, Bayarsaihan"]
[Result "1/2-1/2"]
[WhiteElo "2448"]
[BlackElo "2485"]
[EventDate "2017.05.12"]
[PlyCount "81"]

1.e4 c5 2.Nf3 Nc6 3.Bb5 d6 4.O-O Bd7 5.c3 Nf6 6.Re1 a6 7.Bf1 Bg4 8.h3 Bxf3
9.Qxf3 g6 10.Na3 Bg7 11.b3 Nd7 12.Bb2 O-O 13.Nc2 b5 14.d4 cxd4 15.cxd4 Qb6
16.Rad1 Rac8 17.Qd3 Rfd8 18.Ne3 Nf6 19.d5 Ne5 20.Qb1 Nh5 21.Nc2 Ng3 22.Bd4
Qc7 23.Nb4 Nxf1 24.Bxe5 Bxe5 25.Rxf1 Bf6 26.Nc6 Re8 27.a4 e6 28.Qd3 exd5 
29.exd5 Qb7 30.Rfe1 Bg7 31.Re4 Rxe4 32.Qxe4 Qd7 33.Re1 bxa4 34.bxa4 Rc7 
35.Qd3 Qc8 36.g3 Qxh3 37.Qxa6 h5 38.Qf1 Qg4 39.a5 h4 40.Qe2 Qh3 41.Qf3 
1/2-1/2

[Event "15th Asian-ch"]
[Site "Chengdu CHN"]
[Date "2017.05.20"]
[Round "9"]
[White "Gomez, John Paul"]
[Black "Nguyen Van Huy"]
[Result "0-1"]
[WhiteElo "2474"]
[BlackElo "2442"]
[EventDate "2017.05.12"]
[PlyCount "92"]

1.e4 c6 2.d4 d5 3.e5 Bf5 4.Nd2 e6 5.Nb3 Nd7 6.Nf3 Ne7 7.Be2 Nc8 8.O-O Be7 
9.Ne1 Ncb6 10.Nd3 Nc4 11.Nf4 O-O 12.a4 c5 13.Bd3 Bg6 14.Nxg6 hxg6 15.f4 
cxd4 16.Nxd4 Nc5 17.b3 Nxd3 18.Qxd3 Bc5 19.c3 Na5 20.Rb1 Rc8 21.Be3 Bxd4 
22.Bxd4 Nc6 23.Bf2 b6 24.Rbe1 Na5 25.b4 Nc4 26.Bd4 Qh4 27.Re2 Rfe8 28.Qf3 
Kf8 29.g4 Ke7 30.Rg2 Rh8 31.f5 Rcf8 32.a5 gxf5 33.gxf5 g6 34.axb6 axb6 35.
Bxb6 Nxb6 36.Qe3 d4 37.f6+ Kd7 38.Rd1 Nd5 39.Rxd4 Ra8 40.Qc1 Qh5 41.c4 
Qxe5 42.Rgd2 Qg5+ 43.Kf1 Qxf6+ 44.Kg1 Rh5 45.Qd1 Rg5+ 46.Kh1 Ra1 0-1

[Event "15th Asian-ch"]
[Site "Chengdu CHN"]
[Date "2017.05.20"]
[Round "9"]
[White "Atabaev, Yusup"]
[Black "Zhang Ziji"]
[Result "1/2-1/2"]
[WhiteElo "2455"]
[BlackElo "2312"]
[EventDate "2017.05.12"]
[PlyCount "83"]

1.e4 e5 2.Nf3 Nc6 3.Bb5 a6 4.Ba4 Nf6 5.O-O Be7 6.Re1 b5 7.Bb3 d6 8.c3 O-O 
9.h3 Nb8 10.d4 Nbd7 11.Nbd2 Bb7 12.Bc2 Re8 13.Nf1 Bf8 14.Ng3 g6 15.a4 Bg7 
16.Bd3 c6 17.Bg5 Qc7 18.Qd2 Nf8 19.Bh6 Ne6 20.axb5 axb5 21.Rxa8 Rxa8 22.
Rd1 Rd8 23.Bxg7 Kxg7 24.b4 Nd7 25.h4 h5 26.Ng5 Ndf8 27.Be2 d5 28.exd5 Rxd5
29.Bf3 Rd8 30.Qe3 exd4 31.cxd4 Nf4 32.Ne2 N8e6 33.Nxf4 Nxf4 34.Qc3 Nd5 35.
Qc5 Qd6 36.Bxd5 Qxd5 37.Re1 Qxc5 38.dxc5 Bc8 39.Re7 Rd1+ 40.Kh2 Be6 41.
Nxe6+ Kf6 42.Rc7 1/2-1/2

[Event "15th Asian-ch"]
[Site "Chengdu CHN"]
[Date "2017.05.20"]
[Round "9"]
[White "Zhao Yuanhe"]
[Black "Hossain, Enamul"]
[Result "1/2-1/2"]
[WhiteElo "2383"]
[BlackElo "2452"]
[EventDate "2017.05.12"]
[PlyCount "44"]

1.d4 Nf6 2.Nf3 e6 3.c4 d5 4.g3 Bb4+ 5.Nbd2 dxc4 6.Qc2 c5 7.Qxc4 Nc6 8.dxc5
Qe7 9.Bg2 Bxc5 10.O-O O-O 11.Ne4 Nxe4 12.Qxe4 h6 13.Bf4 Rd8 14.Rac1 Bd7 
15.Ne5 Rac8 16.Nxd7 Rxd7 17.Rfd1 Rxd1+ 18.Rxd1 Rd8 19.Rd3 Rd4 20.Rxd4 Bxd4
21.Be3 Bxb2 22.Qa4 Qd6 1/2-1/2

[Event "15th Asian-ch"]
[Site "Chengdu CHN"]
[Date "2017.05.20"]
[Round "9"]
[White "Tran Minh Thang"]
[Black "Zhou Jianchao"]
[Result "0-1"]
[WhiteElo "2409"]
[BlackElo "2617"]
[EventDate "2017.05.12"]
[PlyCount "124"]

1.d4 Nf6 2.Nf3 g6 3.c4 Bg7 4.g3 O-O 5.Bg2 d6 6.Nc3 Nc6 7.O-O a6 8.Qd3 Bd7 
9.d5 Nb4 10.Qd1 a5 11.e4 e5 12.Ne1 Ne8 13.a3 Na6 14.Be3 b6 15.b3 f5 16.f3 
f4 17.Bf2 fxg3 18.hxg3 Bh6 19.Nc2 Nc5 20.b4 Nb3 21.Ra2 Nd2 22.Re1 Qf6 23.
Be3 Bxe3+ 24.Nxe3 Nxf3+ 25.Bxf3 Qxf3 26.Qxf3 Rxf3 27.Kg2 Rf7 28.c5 axb4 
29.axb4 Rxa2+ 30.Nxa2 bxc5 31.bxc5 dxc5 32.Nc3 Nd6 33.Ra1 Bb5 34.Ng4 Re7 
35.Nf2 Bd7 36.Ra5 c4 37.Nfd1 Bg4 38.Ne3 h5 39.Nxg4 hxg4 40.Rc5 Rf7 41.Nb5 
Rf2+ 42.Kg1 Rf3 43.Nxd6 cxd6 44.Rxc4 Rxg3+ 45.Kh2 Rh3+ 46.Kg2 Kf7 47.Rc6 
Ke7 48.Rc7+ Kf6 49.Rd7 Kg5 50.Rxd6 Re3 51.Re6 Rxe4 52.Re8 Kf6 53.Kg3 Rd4 
54.Rd8 Kf5 55.d6 Rd3+ 56.Kg2 g3 57.d7 Kg4 58.Re8 Rxd7 59.Rxe5 Rd2+ 60.Kg1 
Kh3 61.Re1 Rd3 62.Rf1 g5 0-1

[Event "15th Asian-ch"]
[Site "Chengdu CHN"]
[Date "2017.05.20"]
[Round "9"]
[White "Lin Yi"]
[Black "Utegaliev, Azamat"]
[Result "0-1"]
[WhiteElo "2397"]
[BlackElo "2522"]
[EventDate "2017.05.12"]
[PlyCount "102"]

1.d4 Nf6 2.c4 c5 3.d5 b5 4.cxb5 a6 5.bxa6 g6 6.Nc3 d6 7.e4 Bg7 8.Nf3 Nbd7 
9.a4 O-O 10.Bb5 Bxa6 11.Qe2 Nxe4 12.Qxe4 Bxc3+ 13.bxc3 Bxb5 14.c4 Bxa4 15.
Rb1 Nf6 16.Qe2 Qa5+ 17.Bd2 Qa6 18.O-O Rfe8 19.Rfe1 Bc2 20.Rbc1 Bf5 21.Bc3 
Ne4 22.Ba1 Qa2 23.Nh4 Qxe2 24.Rxe2 h5 25.Nxf5 gxf5 26.Rce1 Kf8 27.f3 Ng5 
28.Bc3 e5 29.dxe6 Rxe6 30.h4 Rxe2 31.Rxe2 Ne6 32.Bf6 Kg8 33.Rd2 Ra4 34.
Rxd6 Rxc4 35.Rc6 Kh7 36.Rc8 f4 37.Be7 Kg7 38.Bd6 Kf6 39.g4 fxg3 40.Kg2 Kf5
41.Kxg3 Rd4 42.Rxc5+ Nxc5 43.Bxc5 Rd8 44.Be3 Rg8+ 45.Kf2 Ke5 46.Bc1 Kd4 
47.Bg5 Kd3 48.Bf6 Rg6 49.Bg5 Ra6 50.Bf4 Rg6 51.Kf1 f6 0-1

[Event "15th Asian-ch"]
[Site "Chengdu CHN"]
[Date "2017.05.20"]
[Round "9"]
[White "Kakabaev, Mergen"]
[Black "Atabaev, Maksat"]
[Result "0-1"]
[WhiteElo "2350"]
[BlackElo "2519"]
[EventDate "2017.05.12"]
[PlyCount "84"]

1.e4 c6 2.d4 d5 3.e5 c5 4.dxc5 e6 5.Be3 Nh6 6.f4 Nd7 7.b4 a5 8.c3 axb4 9.
cxb4 b6 10.c6 Bxb4+ 11.Bd2 Bxd2+ 12.Nxd2 Nc5 13.Ngf3 Nf5 14.Bb5 O-O 15.Qe2
Ba6 16.Bxa6 Rxa6 17.O-O Qa8 18.Rfc1 Rxa2 19.Rxa2 Qxa2 20.Qb5 Qa3 21.Re1 
Nd3 22.Rb1 Nxf4 23.Qxb6 Ne7 24.h4 Qc3 25.g3 Nh5 26.Qc7 Nxc6 27.Kg2 Qc2 28.
Qd6 h6 29.Kh3 Nd4 30.Nxd4 Qxd2 31.Nc6 Qe3 32.Qxf8+ Kh7 33.Kg2 Qxg3+ 34.Kf1
Qd3+ 35.Kf2 Qc2+ 36.Ke3 Qc3+ 37.Kf2 Qxc6 38.Rb8 Qc2+ 39.Ke3 Qc3+ 40.Kf2 
Qd4+ 41.Kf3 Qf4+ 42.Kg2 Qxe5 0-1

[Event "15th Asian-ch"]
[Site "Chengdu CHN"]
[Date "2017.05.20"]
[Round "9"]
[White "Al-Rakib, Abdullah"]
[Black "Xu Yi"]
[Result "0-1"]
[WhiteElo "2503"]
[BlackElo "2456"]
[EventDate "2017.05.12"]
[PlyCount "53"]

1.d4 Nf6 2.Nf3 d5 3.e3 c5 4.Nbd2 cxd4 5.exd4 Nc6 6.c3 Qc7 7.Bd3 Bg4 8.Nf1 
e6 9.Ng3 Nh5 10.Be2 Nf4 11.Bxf4 Qxf4 12.Ne5 Nxe5 13.dxe5 Bc5 14.Rf1 Bxe2 
15.Qxe2 O-O-O 16.Nh5 Qa4 17.b4 Be7 18.Qd1 Qa3 19.Qb3 Qxb3 20.axb3 d4 21.c4
Bxb4+ 22.Kd1 a5 23.f4 d3 24.Rf3 Rd4 25.Ra2 Rhd8 26.Ng3 g6 27.Nf1 0-1

[Event "15th Asian-ch"]
[Site "Chengdu CHN"]
[Date "2017.05.20"]
[Round "9"]
[White "Yeoh Li Tian"]
[Black "Bersamina, Paulo"]
[Result "1-0"]
[WhiteElo "2470"]
[BlackElo "2419"]
[EventDate "2017.05.12"]
[PlyCount "81"]

1.e4 c5 2.c3 e6 3.d4 d5 4.e5 Nc6 5.Nf3 Bd7 6.Be2 Nge7 7.h4 Qb6 8.Na3 cxd4 
9.cxd4 Nf5 10.Nc2 h5 11.O-O Be7 12.g3 g6 13.Bd3 Rc8 14.Bxf5 exf5 15.Bg5 
Be6 16.Qd2 Qa5 17.Qe2 Qa6 18.Qe3 Qb6 19.Rab1 Bxg5 20.Qxg5 Nb4 21.Nxb4 Qxb4
22.a3 Qb6 23.Rfd1 Kd7 24.Ne1 Qd8 25.Qe3 Rg8 26.Nd3 g5 27.Nc5+ Rxc5 28.dxc5
gxh4 29.c6+ bxc6 30.Qxa7+ Ke8 31.Rd4 hxg3 32.f3 h4 33.Rb4 h3 34.Rb8 Bc8 
35.e6 fxe6 36.Qh7 h2+ 37.Kg2 Kf8 38.Re1 Rg7 39.Qh8+ Rg8 40.Rxc8 h1=Q+ 41.
Rxh1 1-0

[Event "15th Asian-ch"]
[Site "Chengdu CHN"]
[Date "2017.05.20"]
[Round "9"]
[White "Wang Shixu B"]
[Black "Fang Yan"]
[Result "1/2-1/2"]
[WhiteElo "2187"]
[BlackElo "2443"]
[EventDate "2017.05.12"]
[PlyCount "70"]

1.d4 d5 2.Nf3 Nf6 3.Bf4 Bf5 4.e3 e6 5.Bd3 Bxd3 6.Qxd3 Bd6 7.Bxd6 Qxd6 8.c4
c6 9.O-O O-O 10.Nbd2 Nbd7 11.cxd5 cxd5 12.Rfc1 Rfc8 13.Qb3 Qb6 14.Qxb6 
Nxb6 15.Kf1 Kf8 16.Ke2 Ke7 17.Ne5 Nfd7 18.Nxd7 Kxd7 19.Kd3 Rxc1 20.Rxc1 
Rc8 21.Rc3 Rxc3+ 22.Kxc3 Kc6 23.b3 Nc8 24.a4 a5 25.b4 axb4+ 26.Kxb4 b6 27.
a5 bxa5+ 28.Kxa5 Nd6 29.Kb4 h6 30.h4 f6 31.g3 g5 32.Ka4 gxh4 33.gxh4 Nf5 
34.Nf3 h5 35.Kb4 Nd6 1/2-1/2

[Event "15th Asian-ch"]
[Site "Chengdu CHN"]
[Date "2017.05.20"]
[Round "9"]
[White "Wang Yiye"]
[Black "Sriram, Jha"]
[Result "1/2-1/2"]
[WhiteElo "2421"]
[BlackElo "2390"]
[EventDate "2017.05.12"]
[PlyCount "31"]

1.d4 d5 2.Bf4 Nf6 3.e3 c5 4.c3 Nc6 5.Nd2 e6 6.Bd3 Bd6 7.Bxd6 Qxd6 8.f4 
cxd4 9.cxd4 Bd7 10.a3 Ne7 11.Ngf3 Qb6 12.Qb3 Nf5 13.Qxb6 axb6 14.Ke2 Nd6 
15.Ne5 Ke7 16.Rhc1 1/2-1/2

[Event "15th Asian-ch"]
[Site "Chengdu CHN"]
[Date "2017.05.20"]
[Round "9"]
[White "Xu Minghui"]
[Black "Peng Xiongjian"]
[Result "1-0"]
[WhiteElo "2286"]
[BlackElo "2431"]
[EventDate "2017.05.12"]
[PlyCount "123"]

1.d4 Nf6 2.c4 e6 3.Nf3 d5 4.Nc3 Be7 5.Bf4 O-O 6.e3 b6 7.Bd3 Bb7 8.cxd5 
exd5 9.O-O Nh5 10.Qc2 h6 11.Be5 Nc6 12.Rac1 Nf6 13.Bf5 a6 14.Rfd1 Re8 15.
a3 Ra7 16.h3 Ba8 17.Nh2 Nb8 18.Qa4 Bc6 19.Qb3 g6 20.Bb1 Ba8 21.Qa4 Qd7 22.
Qb3 Rd8 23.Ne2 Nc6 24.Nf3 Na5 25.Qc2 Bc6 26.b3 Ba8 27.Qb2 Ne4 28.Bf4 Bf8 
29.Ne5 Qe8 30.Bxe4 dxe4 31.Ng4 Bg7 32.Bxc7 Rxc7 33.Rxc7 h5 34.Nh2 Bd5 35.
Rc3 Qb5 36.Rb1 g5 37.Qc2 Bf8 38.b4 Nc4 39.Ng3 h4 40.Nh5 Rc8 41.Nf6+ Kg7 
42.a4 Qc6 43.Nxd5 Qxd5 44.Qc1 b5 45.axb5 axb5 46.Nf1 Bd6 47.Nd2 Rb8 48.
Nxc4 bxc4 49.Kf1 f5 50.Rb2 f4 51.exf4 Bxf4 52.Qd1 Be5 53.Rd2 Bf6 54.Qa1 
Ra8 55.Ra3 Rb8 56.Qc3 Qb5 57.Ra7+ Kh6 58.Rc7 Qa4 59.Rxc4 Rb6 60.Kg1 Qe8 
61.Rc2 Ra6 62.Rc6 1-0

[Event "15th Asian-ch"]
[Site "Chengdu CHN"]
[Date "2017.05.20"]
[Round "9"]
[White "Andyka, Pitra"]
[Black "Odeev, Handszar"]
[Result "0-1"]
[WhiteElo "2358"]
[BlackElo "2417"]
[EventDate "2017.05.12"]
[PlyCount "78"]

1.e4 c5 2.Nf3 d6 3.d4 cxd4 4.Nxd4 Nf6 5.Nc3 a6 6.Be3 e5 7.Nf3 Qc7 8.Be2 
Be7 9.O-O O-O 10.Qd3 b5 11.a4 b4 12.Nd5 Nxd5 13.exd5 a5 14.Qc4 Qd8 15.Qb3 
Na6 16.Bb5 Bd7 17.c3 bxc3 18.bxc3 Qc7 19.Rfd1 Rfc8 20.c4 Nc5 21.Bxc5 Qxc5 
22.Nd2 f5 23.Rab1 Bxb5 24.cxb5 Bd8 25.Qf3 g6 26.Nb3 Qc4 27.Ra1 Qb4 28.Rdc1
Rxc1+ 29.Rxc1 Qxa4 30.Qd3 e4 31.Qc3 Qxb5 32.Nd4 Qxd5 33.Nc6 a4 34.h3 Qf7 
35.Qd4 Bf6 36.Qxd6 a3 37.Nb4 Rd8 38.Qb6 Kg7 39.Nc6 a2 0-1

[Event "15th Asian-ch"]
[Site "Chengdu CHN"]
[Date "2017.05.20"]
[Round "9"]
[White "Zhu Jiner"]
[Black "Winkelman, Albert"]
[Result "1-0"]
[WhiteElo "2184"]
[BlackElo "2029"]
[EventDate "2017.05.12"]
[PlyCount "89"]

1.e4 e5 2.Nf3 Nc6 3.Bb5 a6 4.Ba4 Nf6 5.O-O Be7 6.Re1 b5 7.Bb3 O-O 8.c3 d6 
9.d4 Bg4 10.d5 Na5 11.Bc2 c6 12.dxc6 Qc7 13.h3 Bh5 14.Nbd2 Rfd8 15.Nf1 d5 
16.exd5 Nxd5 17.Qe2 Bf6 18.Ng3 Bg6 19.Ne4 Be7 20.a4 b4 21.c4 Nf4 22.Bxf4 
exf4 23.b3 Bh5 24.g4 fxg3 25.Nxg3 Bxf3 26.Qxf3 Nxc6 27.Nf5 Bf8 28.Be4 Rac8
29.Rad1 g6 30.Rxd8 Nxd8 31.Ne3 Ne6 32.Nd5 Qe5 33.Kf1 Nd4 34.Qg4 f5 35.Bxf5
Qxf5 36.Qxd4 Qxh3+ 37.Kg1 Bg7 38.Qe4 Rf8 39.Re3 Qh5 40.Kg2 Qd1 41.Ne7+ Kh8
42.Rh3 Rf6 43.Nxg6+ Kg8 44.Qe8+ Bf8 45.Nxf8 1-0

[Event "15th Asian-ch"]
[Site "Chengdu CHN"]
[Date "2017.05.20"]
[Round "9"]
[White "Pang Tao"]
[Black "Gonzales, Jayson"]
[Result "1/2-1/2"]
[WhiteElo "2193"]
[BlackElo "2409"]
[EventDate "2017.05.12"]
[PlyCount "57"]

1.Nf3 g6 2.c4 Bg7 3.Nc3 c5 4.d4 cxd4 5.Nxd4 Nc6 6.Nb3 Nf6 7.e4 d6 8.Be2 
O-O 9.Be3 b6 10.f3 Bb7 11.O-O Rc8 12.Nd4 Ne5 13.b3 a6 14.Qd2 Re8 15.Rfd1 
e6 16.Bg5 Qe7 17.Rac1 Kh8 18.Nc2 Red8 19.Qf4 Ned7 20.Qxd6 Qe8 21.Na4 Bc6 
22.Qf4 Qe7 23.Kh1 b5 24.Nc3 h6 25.Bxh6 Nh5 26.Qd2 Ne5 27.Qg5 Bf6 28.Qe3 
Rxd1+ 29.Nxd1 1/2-1/2

[Event "15th Asian-ch"]
[Site "Chengdu CHN"]
[Date "2017.05.20"]
[Round "9"]
[White "Deng Tianle"]
[Black "Zou Chen"]
[Result "0-1"]
[WhiteElo "2105"]
[BlackElo "2320"]
[EventDate "2017.05.12"]
[PlyCount "80"]

1.e4 c5 2.Nf3 d6 3.d4 cxd4 4.Nxd4 Nf6 5.Nc3 Nc6 6.Bg5 e6 7.Qd2 a6 8.O-O-O 
h6 9.Nxc6 bxc6 10.Bf4 d5 11.Qe3 Be7 12.h4 Bb7 13.h5 Nd7 14.Qg3 Bg5 15.Kb1 
Bxf4 16.Qxf4 d4 17.Ne2 c5 18.Nc1 e5 19.Qf5 O-O 20.f4 Qe7 21.Bd3 Rfc8 22.b3
Rab8 23.Ka1 Rc6 24.g3 Bc8 25.Rhf1 a5 26.Bc4 Rf6 27.Qg4 Nb6 28.Qe2 Nxc4 29.
bxc4 Ba6 30.Nb3 Qb7 31.c3 dxc3 32.Rb1 Qc7 33.Qe3 Bxc4 34.Rfc1 exf4 35.gxf4
Rxf4 36.e5 Rf5 37.Rxc3 Rxe5 38.Qg3 Bxb3 39.Rg1 f6 40.Rxb3 Rxb3 0-1

[Event "15th Asian-ch"]
[Site "Chengdu CHN"]
[Date "2017.05.20"]
[Round "9"]
[White "Wang Ting Hao"]
[Black "Nguyen Huynh Minh Huy"]
[Result "0-1"]
[WhiteElo "1652"]
[BlackElo "2406"]
[EventDate "2017.05.12"]
[PlyCount "128"]

1.e4 c5 2.Nf3 d6 3.Bb5+ Nd7 4.d4 cxd4 5.Qxd4 a6 6.Bxd7+ Bxd7 7.c4 e5 8.Qd3
h6 9.Nc3 Nf6 10.O-O Be7 11.Ne1 b5 12.Nc2 O-O 13.Ne3 Re8 14.Bd2 Qb8 15.cxb5
axb5 16.Ncd5 Nxd5 17.Nxd5 Be6 18.Nxe7+ Rxe7 19.Qg3 Kh7 20.a3 Qb7 21.Bb4 
Rd7 22.Rfd1 Qxe4 23.Rxd6 Rxd6 24.Bxd6 f6 25.h3 Rc8 26.Bb4 Rc2 27.Bc3 Re2 
28.Rd1 Bf5 29.Qf3 Qc2 30.Re1 Rxe1+ 31.Bxe1 Be4 32.Qe3 Qc6 33.f3 Bb1 34.Bc3
h5 35.h4 e4 36.f4 Qd7 37.Kh2 Bd3 38.Qh3 Qd5 39.Qe3 Qf5 40.Be1 Kg8 41.Bc3 
Kf7 42.Qa7+ Kg6 43.Qe3 Qd5 44.Qg3+ Kf7 45.Qe3 Qd6 46.Kg1 Qd7 47.Kh2 Qg4 
48.Qg3 Qe6 49.Qe3 Bc4 50.Bb4 Qc6 51.Qc5 Qe6 52.Qxh5+ Kg8 53.Qd1 e3 54.Qe1 
Qe4 55.Qg3 Bd5 56.Bc5 e2 57.Bb4 Kf7 58.Bc3 g6 59.Kg1 Qb1+ 60.Kh2 Qf1 61.h5
gxh5 62.Be1 Bxg2 63.Qxg2 Qxe1 64.Qd5+ Kg7 0-1